|
|
|
|
| LEADER |
00000nam0a2200000 4500 |
| 001 |
167631 |
| 005 |
20231031162841.0 |
| 010 |
|
|
|a 5230071354
|
| 020 |
|
|
|a RU
|b 90-63725
|
| 035 |
|
|
|a (RuTPU)RU\TPU\book\181856
|
| 090 |
|
|
|a 167631
|
| 100 |
|
|
|a 20091016d1990 k y0rusy5003 ca
|
| 101 |
0 |
|
|a rus
|
| 102 |
|
|
|a RU
|
| 105 |
|
|
|a a z 001zy
|
| 200 |
1 |
|
|a Исследования зубообрабатывающих станков и инструментов и процессов резания
|e межвузовский научный сборник
|f Саратовский политехнический институт (СПИ) ; отв. ред. Г. Г. Иноземцев
|
| 210 |
|
|
|a Саратов
|c СПИ
|d 1990
|
| 215 |
|
|
|a 98 с.
|c ил.
|d 20 см
|
| 320 |
|
|
|a Библиогр. в конце статей
|
| 610 |
1 |
|
|a зубообрабатывающие станки
|
| 610 |
1 |
|
|a зуборезные инструменты
|
| 610 |
1 |
|
|a механизмы
|
| 610 |
1 |
|
|a зубья
|
| 610 |
1 |
|
|a обработанные поверхности
|
| 610 |
1 |
|
|a качество
|
| 610 |
1 |
|
|a конструкции
|
| 610 |
1 |
|
|a исследования
|
| 610 |
1 |
|
|a режущий инструмент
|
| 610 |
1 |
|
|a упрочнение
|
| 610 |
1 |
|
|a формообразование
|
| 675 |
|
|
|a 621.9.02:621.833
|z rus
|v 3
|
| 675 |
|
|
|a 621.9.06:621.833
|z rus
|v 3
|
| 702 |
|
1 |
|a Иноземцев
|b Г. Г.
|4 340
|
| 712 |
0 |
2 |
|a Саратовский политехнический институт (СПИ)
|c (1960-1992)
|2 stltpush
|3 (RuTPU)RU\TPU\col\283
|
| 801 |
|
0 |
|a RU
|b RuMRKP
|c 19950417
|g psbo
|
| 801 |
|
1 |
|a RU
|b 63413507
|c 20091016
|
| 801 |
|
2 |
|a RU
|b 63413507
|c 20100305
|g RCR
|
| 942 |
|
|
|c BK
|